| 000 | 00938nam a22003257a 4500 | ||
|---|---|---|---|
| 001 | BR2011001615 | ||
| 003 | BR-BrBNA | ||
| 005 | 20230928103621.0 | ||
| 007 | ta | ||
| 008 | 230509b bl.||||| |||| 00| 0 por d | ||
| 040 |
_aBR-BrBNA _bpor _cBiblioteca Nacional de Agricultura |
||
| 041 | _a(Por) | ||
| 072 | _aP01; P06 | ||
| 090 | _ P01 BR2011001615 | ||
| 110 | 1 |
_aCompanhia Energética de Minas Gerais, MG (Brasil) _92434 |
|
| 245 | 1 | _aPenso: as flores caídas retornam aos seus ramos. Mas não! São borboletas. | |
| 260 | 3 |
_a[np](Brasil): _c[nd]. |
|
| 300 | _a32 p. | ||
| 500 | _aPublished 2010?; 44 illus | ||
| 650 | _aPOLÍTICA AMBIENTAL | ||
| 650 | _aARBORIZAÇÃO | ||
| 650 | _aPROJETO DE DESENVOLVIMENTO | ||
| 650 | _aENERGIA SOLAR | ||
| 650 | _aENERGIA EÓLICA | ||
| 650 | _aMATA CILIAR | ||
| 650 | _aREFLORESTAMENTO | ||
| 650 | _aVIVEIRO FLORESTAL | ||
| 909 |
_a202309 _bLucia _c55 _dLucia Elande |
||
| 942 | _cBK | ||
| 999 |
_c75835 _d75835 |
||